00277 a2200109 4500001000700000020000600007040001100013100002100024240005900045245005400104362000900158176443 a  cMagnum aSilveira, Edeval10aHistoria das transformacoes populacionais/6 serielpor10aHistoria das transformacoes populacionais/6 serie0 a1899